00630nam a2200193 i 450000100060000000300090000600500170001500700030003200800410003510000250007624500560010125000180015726000340017530000300020965000260023985200320026599900170029795201220031468103ES-MaACL20230906170215.0t|040610s1972 sp ||||1| spa d1 aGanzo, Julio.95389414aLos campeones mundiales de ajedrez / cJulio Ganzo. a2ยช ed., act. aMadrid : bAguilera, c[1972] a377 p. : bil. ; c21 cm. 4aAjedrecistas.9168423 aES-MaACLjC-52000 bR.85140 c68103d68103 00104070aATENEOMbATENEOMcDEPO2d2008-01-17eSCl0oC-52000p1071296r2023-02-23 00:00:00w2023-02-23yMONOGRAFIA